[Event "Challenge"]
[Site "http://www.queenalice.com/game.php?id=1643650"]
[Date "2021.2.14"]
[Round "-"]
[White "simonjscott"]
[Black "Paulsains"]
[Result "1-0"]
[WhiteElo "2282"]
[BlackElo "2091"]

1. Nf3 Nf6 2. g3 g6 3. Bg2 Bg7 4. O-O O-O 5. d4 d5 6. c4 Be6 7. Nbd2 Nc6 8. Nb3
b6 9. Ne5 Nxe5 10. dxe5 Ne4 11. f4 c6 12. Nd4 Qd7 13. Qc2 Nc5 14. Be3 Rac8 15.
Rac1 f6 16. f5 Bf7 17. e6 Nxe6 18. fxe6 Bxe6 19. Nxe6 Qxe6 20. Qb3 dxc4 21. Qxc4
Qxc4 22. Rxc4 c5 23. Rd1 Rc7 24. Bf4 e5 25. Bc1 Kh8 26. e4 h5 27. b4 Rfc8 28.
Bh3 Rf8 29. Rd5 Rff7 30. bxc5 bxc5 31. Rdxc5 Rxc5 32. Rxc5 Kh7 33. Be6 Re7 34.
Bb3 Rd7 35. Kf2 g5 36. Be6 Rd1 37. Bf5+ Kh6 38. Rc7 Rh1 39. Kg2 Re1 40. a4 a6
41. Ba3 g4 42. Bb4 Ra1 43. Bd2# 1-0

[Event "Challenge"]
[Site "http://www.queenalice.com/game.php?id=1645228"]
[Date "2021.2.28"]
[Round "-"]
[White "simonjscott"]
[Black "Paulsains"]
[Result "0-1"]
[WhiteElo "2278"]
[BlackElo "2099"]

1. Nf3 d5 2. g3 Nf6 3. Bg2 Bg4 4. O-O Nc6 5. d4 e6 6. c4 Bd6 7. Nc3 dxc4 8. Qa4
O-O 9. Qxc4 Qd7 10. Bg5 Be7 11. Rad1 Nd5 12. Bxe7 Ncxe7 13. e4 Nxc3 14. Qxc3 Qc6
15. Rfe1 Qxc3 16. bxc3 c6 17. h3 Bh5 18. Rd2 Rad8 19. Rb2 b5 20. Ne5 f6 21. Nd3
Bf7 22. Nc5 e5 23. Rd1 h6 24. h4 Rfe8 25. Bh3 Ng6 26. Bf5 Re7 27. Rbd2 exd4 28.
cxd4 Nf8 29. d5 cxd5 30. exd5 Re5 31. Ne6 Bxe6 32. Bxe6+ Nxe6 33. dxe6 Rxd2 34.
Rxd2 Rxe6 35. Kg2 Ra6 36. Kf3 Kh7 37. Ke4 Ra4+ 38. Kd3 Rc4 39. Rb2 a6 40. a3 Kg6
41. f3 Kf5 42. Rb4 Rxb4 43. axb4 Ke5 44. Ke3 Kd5 45. Kd3 Kc6 46. Kd4 Kb6 47. Kc3
a5 48. g4 a4 49. h5 Kc6 50. f4 Kd5 51. g5 fxg5 52. fxg5 hxg5 0-1

[Event "Challenge"]
[Site "http://www.queenalice.com/game.php?id=1645668"]
[Date "2021.3.5"]
[Round "-"]
[White "Paulsains"]
[Black "simonjscott"]
[Result "1/2-1/2"]
[WhiteElo "2091"]
[BlackElo "2284"]

1. e4 e5 2. Nf3 Nf6 3. Nc3 Nc6 4. d4 exd4 5. Nxd4 Bb4 6. Nxc6 bxc6 7. Bg5 h6 8.
Bxf6 Qxf6 9. Qf3 Qxf3 10. gxf3 d5 11. Bd3 O-O 12. O-O-O Bxc3 13. bxc3 Be6 14.
Rdg1 Rab8 15. Rg3 dxe4 16. Bxe4 Bxa2 17. Kd2 Bd5 18. Rhg1 g6 19. Bxg6 fxg6 20.
Rxg6+ Kh7 21. Rg7+ Kh8 22. R7g6 Kh7 23. Rg7+ Kh8 24. R7g6 Kh7 1/2-1/2

[Event "Challenge"]
[Site "http://www.queenalice.com/game.php?id=1646420"]
[Date "2021.3.12"]
[Round "-"]
[White "Paulsains"]
[Black "simonjscott"]
[Result "0-1"]
[WhiteElo "2117"]
[BlackElo "2261"]

1. e4 e5 2. Nf3 Nf6 3. Nc3 Nc6 4. Bc4 Nxe4 5. Bxf7+ Kxf7 6. Nxe4 d5 7. Neg5+ Kg8
8. d3 h6 9. Nh3 Bg4 10. c3 Qf6 11. Nhg1 Bd6 12. Qb3 Rb8 13. Qxd5+ Kh7 14. Be3
Rhf8 15. O-O-O Be6 16. Qe4+ Kh8 17. Kb1 a5 18. h4 Bf5 19. Qa4 b5 20. Qc2 a4 21.
h5 Bh7 22. Nd2 Qe6 23. Ne4 Bg8 24. a3 Qa2+ 25. Kc1 Bb3 26. Qe2 Qa1+ 27. Kd2
Qxb2+ 28. Ke1 Qxe2+ 29. Kxe2 Bxd1+ 30. Kxd1 Bxa3 31. Nf3 Be7 32. Kc2 Ra8 33. d4
exd4 34. Nxd4 Nxd4+ 35. Bxd4 Ra6 36. f3 Rfa8 37. Kb2 Kg8 38. Rc1 Kf7 39. c4 b4
40. c5 Ke6 41. Bxg7 Rg8 42. Bxh6 Rxg2+ 43. Ka1 a3 44. Rb1 Kd5 45. Rxb4 Rxh6 0-1

[Event "Challenge"]
[Site "http://www.queenalice.com/game.php?id=1646859"]
[Date "2021.3.16"]
[Round "-"]
[White "simonjscott"]
[Black "Paulsains"]
[Result "0-1"]
[WhiteElo "2271"]
[BlackElo "2109"]

1. Nf3 d5 2. g3 Bg4 3. Bg2 e6 4. O-O Bd6 5. d3 h6 6. c4 c6 7. Nc3 Nf6 8. b3 Bb4
9. Bb2 Bxf3 10. Bxf3 d4 11. Ne4 Nxe4 12. Bxe4 e5 13. a3 Bd6 14. b4 Nd7 15. c5
Bc7 16. Qb3 O-O 17. f4 exf4 18. gxf4 Bxf4 19. Bxd4 Qg5+ 20. Bg2 Be3+ 21. Bxe3
Qxe3+ 22. Rf2 Ne5 23. Bf3 Nxf3+ 24. exf3 Qe5 25. Qd1 Rad8 26. Re2 Qd4+ 27. Kg2
Qxd3 28. Qxd3 Rxd3 29. Re7 Rb8 30. Kg3 Rd5 31. Rae1 Kf8 32. Rc7 Re8 33. Rxe8+
Kxe8 34. Rxb7 Rd7 35. Rb8+ Rd8 36. Rxd8+ Kxd8 37. Kf4 Kd7 38. Ke5 Ke7 39. a4 g6
40. b5 f6+ 41. Kd4 Kd7 42. Ke4 h5 43. h3 Kc7 44. Kd4 Kb7 45. b6 axb6 46. cxb6
Kxb6 47. a5+ Kb5 48. a6 Kxa6 49. Kc5 Kb7 50. f4 g5 51. fxg5 fxg5 0-1

[Event "Challenge"]
[Site "http://www.queenalice.com/game.php?id=1647491"]
[Date "2021.3.23"]
[Round "-"]
[White "Paulsains"]
[Black "simonjscott"]
[Result "0-1"]
[WhiteElo "2126"]
[BlackElo "2254"]

1. e4 e5 2. Nf3 Nf6 3. Nc3 Nc6 4. Bc4 Nxe4 5. Bxf7+ Kxf7 6. Nxe4 d5 7. Neg5+ Kg8
8. d3 h6 9. Nh3 Bg4 10. O-O Bxh3 11. gxh3 Qd7 12. Kg2 Bd6 13. Ng1 Rf8 14. Qg4
Qf7 15. Qf3 Qe6 16. Qg4 Qf6 17. Qf3 Qxf3+ 18. Nxf3 Kh7 19. Ng1 Nd4 20. c4 c6 21.
Be3 Nf5 22. Bxa7 d4 23. c5 Bc7 24. Nf3 Rf6 25. Kh1 Ne7 26. Bb6 Bxb6 27. cxb6
Rxf3 28. Rfe1 Ng6 0-1

[Event "Challenge"]
[Site "http://www.queenalice.com/game.php?id=1648073"]
[Date "2021.3.28"]
[Round "-"]
[White "simonjscott"]
[Black "Paulsains"]
[Result "0-1"]
[WhiteElo "2262"]
[BlackElo "2118"]

1. Nf3 d5 2. g3 Nf6 3. Bg2 e6 4. O-O Bc5 5. d4 Bb6 6. c4 dxc4 7. Nc3 O-O 8. Bg5
h6 9. Bxf6 Qxf6 10. e3 Nc6 11. Qa4 e5 12. dxe5 Nxe5 13. Nxe5 Qxe5 14. Qxc4 Be6
15. Qe4 Qxe4 16. Bxe4 c6 17. Rfd1 Bh3 18. Rd2 Rad8 19. Rad1 Rxd2 20. Rxd2 Rd8
21. Rc2 Ba5 22. Bg2 Bg4 23. h3 Bf5 24. e4 Be6 25. b3 f5 26. Ne2 fxe4 27. Nf4 Bf5
28. Rc5 Bxh3 29. Rxa5 Bxg2 30. Kxg2 a6 31. Re5 Rd2 32. Rxe4 Rxa2 33. Ne6 Ra3 34.
Re3 b6 35. Nd4 c5 36. Nc6 Ra2 37. Ne7+ Kh7 38. Nd5 b5 39. Rc3 Ra3 40. Nc7 c4 41.
Nxa6 cxb3 42. Nc5 b2 43. Rxa3 b1=Q 44. Rb3 Qd1 45. Rxb5 Qd5+ 46. Kg1 Qc6 47. Ra5
Qb6 0-1

[Event "Challenge"]
[Site "http://www.queenalice.com/game.php?id=1648113"]
[Date "2021.3.29"]
[Round "-"]
[White "Paulsains"]
[Black "simonjscott"]
[Result "0-1"]
[WhiteElo "2134"]
[BlackElo "2246"]

1. e4 e5 2. Nf3 Nf6 3. Nc3 Nc6 4. Bc4 Nxe4 5. Bxf7+ Kxf7 6. Nxe4 d5 7. Neg5+ Kg8
8. d3 h6 9. Nh3 Bg4 10. Qd2 Bxf3 11. gxf3 Qh4 12. Ng1 Bc5 13. Qe2 Re8 14. Be3
Bb4+ 15. c3 Bd6 16. O-O-O Kh7 17. Qc2 Rhf8 18. Kb1 Kh8 19. d4 exd4 20. Bxd4 Nxd4
21. Rxd4 Re1+ 22. Rd1 Rxd1+ 23. Qxd1 Qxf2 24. Qe2 Qxe2 25. Nxe2 Rxf3 26. h3 Be5
27. Re1 Rxh3 28. Ng1 Rh1 29. Rxe5 Rxg1+ 30. Kc2 Rf1 31. Rxd5 Rf7 32. c4 g5 33.
Rd1 Kh7 34. b4 h5 35. Kd2 Rd7+ 36. Ke2 Rxd1 37. Kxd1 Kg6 38. a4 Kf5 39. Ke2 Ke4
40. c5 g4 41. Kf2 h4 42. Kg2 h3+ 43. Kg3 Kd5 0-1

[Event "Challenge"]
[Site "http://www.queenalice.com/game.php?id=1649221"]
[Date "2021.4.10"]
[Round "-"]
[White "simonjscott"]
[Black "Paulsains"]
[Result "1-0"]
[WhiteElo "2248"]
[BlackElo "2141"]

1. Nf3 Nf6 2. g3 g6 3. Bg2 Bg7 4. O-O O-O 5. d4 d5 6. c4 c6 7. Qb3 dxc4 8. Qxc4
Qb6 9. Nc3 Be6 10. Qc5 Qxc5 11. dxc5 Nbd7 12. Nd4 Nxc5 13. Nxe6 Nxe6 14. Ne4
Nxe4 15. Bxe4 f5 16. Bg2 f4 17. Rb1 fxg3 18. hxg3 Rad8 19. Be3 a6 20. b3 Rf5 21.
Bh3 Re5 22. Rfd1 Rxd1+ 23. Rxd1 Ng5 24. Bxg5 Rxg5 25. Be6+ Kh8 26. Rd8+ Bf8 27.
Rxf8+ Kg7 28. Rf7+ Kh6 29. Rxe7 Re5 30. e3 g5 31. g4 b5 32. Re8 a5 33. Bd7 Rc5
34. Re6+ Kg7 35. Rxc6 1-0

[Event "Challenge"]
[Site "http://www.queenalice.com/game.php?id=1649228"]
[Date "2021.4.10"]
[Round "-"]
[White "Paulsains"]
[Black "simonjscott"]
[Result "1-0"]
[WhiteElo "2125"]
[BlackElo "2255"]

1. e4 e5 2. Nf3 Nf6 3. Nc3 Nc6 4. Bc4 Nxe4 5. Bxf7+ Kxf7 6. Nxe4 d5 7. Nc3 e4 8.
Ng1 Bc5 9. Qh5+ g6 10. Qxd5+ Be6 11. Qxc5 1-0

[Event "Challenge"]
[Site "http://www.queenalice.com/game.php?id=1649413"]
[Date "2021.4.12"]
[Round "-"]
[White "Paulsains"]
[Black "simonjscott"]
[Result "0-1"]
[WhiteElo "2132"]
[BlackElo "2257"]

1. c4 e5 2. Nc3 Nc6 3. e3 Nf6 4. d4 exd4 5. exd4 Bb4 6. d5 Qe7+ 7. Qe2 Bxc3+ 8.
bxc3 Qxe2+ 9. Bxe2 Ne7 10. Bg5 d6 11. Nf3 Bf5 12. O-O O-O-O 13. Nd4 Bg6 14. Rfe1
Rde8 15. Rad1 Ne4 16. Bd2 Kb8 17. Bf3 Nxd2 18. Rxd2 Nf5 19. Rxe8+ Rxe8 20. Re2
Rxe2 21. Bxe2 Ne7 22. Kf1 a6 23. Ke1 c5 24. Nb3 b6 25. a3 Kc7 26. Kd2 Ng8 27. h4
Nf6 28. g4 Ne4+ 29. Ke3 Nxc3 30. h5 Bc2 31. Nd2 h6 32. Bd3 Bd1 33. f3 b5 34.
cxb5 axb5 35. Kf4 Nxd5+ 36. Kf5 c4 37. Be4 Ne7+ 38. Kf4 c3 0-1

[Event "Challenge"]
[Site "http://www.queenalice.com/game.php?id=1650362"]
[Date "2021.4.21"]
[Round "-"]
[White "simonjscott"]
[Black "Paulsains"]
[Result "0-1"]
[WhiteElo "2265"]
[BlackElo "2124"]

1. Nf3 Nc6 2. g3 e5 3. d3 Nf6 4. Bg2 Bc5 5. O-O O-O 6. Bg5 h6 7. Bd2 d6 8. Nc3
Rb8 9. Na4 Bb4 10. a3 Bxd2 11. Qxd2 Bd7 12. Nc3 Nd4 13. Nxd4 exd4 14. Ne4 Nxe4
15. Bxe4 Bh3 16. Rfe1 f5 17. Bd5+ Kh7 18. Qf4 c5 19. b4 b6 20. e4 g5 21. Qd2 Qf6
22. f4 Rbe8 23. Re2 Qg6 24. Rae1 Bg4 25. Rf2 a6 26. c3 dxc3 27. Qxc3 h5 28. Re3
Bh3 29. Qe1 h4 30. Bc6 Re6 31. Bd7 Ref6 32. e5 dxe5 33. fxe5 R6f7 34. e6 Re7 35.
bxc5 bxc5 36. Qa5 Qg7 37. Re1 Qd4 38. Qd2 f4 39. gxh4 gxh4 40. Re4 Rg8+ 0-1

[Event "Challenge"]
[Site "http://www.queenalice.com/game.php?id=1715666"]
[Date "2021.4.26"]
[Round "-"]
[White "Paulsains"]
[Black "simonjscott"]
[Result "0-1"]
[WhiteElo "2140"]
[BlackElo "2249"]

1. e4 e5 2. Nf3 Nf6 3. Nc3 Nc6 4. Bc4 Nxe4 5. Bxf7+ Kxf7 6. Nxe4 d5 7. Nc3 Be7
8. h3 Rf8 9. d4 e4 10. Ne5+ Kg8 11. Nxc6 bxc6 12. Be3 Ba6 13. Qg4 Bh4 14. Qe6+
Kh8 15. Qxc6 Bc4 16. b3 Rf6 17. Qc5 Ba6 18. Nxd5 Rg6 19. Nxc7 Rc8 20. Bf4 Rxg2
21. O-O-O Rxf2 22. Be5 Bg5+ 23. Kb2 Qd7 24. Qxa7 Be2 25. Rdg1 Bf6 26. Bxf6 Rxf6
27. Rh2 Rxc7 28. Qb8+ Rc8 29. Qe5 Re8 30. Qc5 Bf3 31. c3 e3 32. Re1 Rg6 33. Kc1
Rg2 34. Rxg2 Bxg2 35. Rxe3 Qf7 36. Rxe8+ Qxe8 37. d5 Bxh3 38. Qf2 h5 39. Qh4 Bg4
40. Qf2 Qe7 41. b4 Qg5+ 42. Qd2 Qf6 43. c4 Qa1+ 44. Kc2 Qxa2+ 45. Kc3 Qa1+ 46.
Kb3 Bd1+ 0-1

[Event "Challenge"]
[Site "http://www.queenalice.com/game.php?id=1758626"]
[Date "2021.5.4"]
[Round "-"]
[White "simonjscott"]
[Black "Paulsains"]
[Result "1-0"]
[WhiteElo "2258"]
[BlackElo "2131"]

1. Nf3 Nf6 2. g3 g6 3. Bg2 Bg7 4. O-O O-O 5. d4 d6 6. c4 c6 7. Nc3 Bg4 8. h3
Bxf3 9. Bxf3 Nbd7 10. e4 e5 11. d5 c5 12. Be3 Nb6 13. b3 Qd7 14. Qd2 Qxh3 15.
Bg2 Qh5 16. f3 h6 17. Kf2 g5 18. Rh1 Qg6 19. Rh2 Nh7 20. Bh3 f6 21. Nb5 Rfd8 22.
Nc7 Rab8 23. Bf5 1-0

[Event "Challenge"]
[Site "http://www.queenalice.com/game.php?id=1759354"]
[Date "2021.5.13"]
[Round "-"]
[White "Paulsains"]
[Black "simonjscott"]
[Result "1/2-1/2"]
[WhiteElo "2123"]
[BlackElo "2292"]

1. Nf3 Nf6 2. g3 g6 3. Bg2 Bg7 4. O-O O-O 5. Nc3 d6 6. d4 Nbd7 7. e4 e5 8. d5
Nc5 9. Bg5 h6 10. Bxf6 Qxf6 11. b4 Nd7 12. a4 Nb8 13. b5 Bg4 14. h3 Bxf3 15.
Qxf3 Nd7 16. Qxf6 Nxf6 17. f3 a6 18. Ne2 h5 19. c4 Bh6 20. a5 axb5 21. cxb5 Be3+
22. Kh1 Nd7 23. f4 f5 24. exf5 Rxf5 25. Be4 Rf6 26. f5 Nc5 27. Nc3 Nxe4 28. Nxe4
Rxf5 29. Rxf5 gxf5 30. Nf6+ Kf7 31. Nxh5 Kg6 32. g4 f4 33. Kg2 Bd4 34. Ra2 Bc3
35. a6 bxa6 36. bxa6 Bd4 37. Kf3 Bb6 1/2-1/2

[Event "Challenge"]
[Site "http://www.queenalice.com/game.php?id=1759387"]
[Date "2021.5.14"]
[Round "-"]
[White "simonjscott"]
[Black "Paulsains"]
[Result "0-1"]
[WhiteElo "2305"]
[BlackElo "2121"]

1. Nf3 Nf6 2. g3 g6 3. Bg2 Bg7 4. O-O O-O 5. d4 d5 6. c4 e6 7. Nc3 dxc4 8. Qa4
Nc6 9. Qxc4 Nd5 10. e3 Nxc3 11. bxc3 Bd7 12. e4 Rb8 13. Rb1 Qc8 14. Be3 a6 15.
Rb2 Na5 16. Qb4 b6 17. c4 c5 18. Qc3 cxd4 19. Bxd4 Bxd4 20. Qxd4 Nxc4 21. Rc2 b5
22. Ne5 Rd8 23. Ng4 Bc6 24. Nh6+ Kf8 25. Qf6 Rd7 26. Qh8+ Ke7 27. Qxh7 Qf8 28.
Ng4 Qh8 29. Qxh8 Rxh8 30. Re1 Kf8 31. Nf6 Rd2 32. Rxd2 Nxd2 33. Rd1 Nc4 34. f4
Kg7 35. Ng4 f5 36. exf5 Bxg2 37. Kxg2 gxf5 38. Rd7+ Kg6 39. Nf2 Ne3+ 40. Kf3 Nf1
41. h4 Ra8 42. Rd1 Nh2+ 43. Kg2 Ng4 44. Nxg4 fxg4 45. Kf2 a5 46. Ke3 Kf5 47. Rc1
b4 48. Rc5+ Kf6 49. Kd4 a4 50. Rc2 b3 51. axb3 axb3 52. Rb2 Ra4+ 53. Kc3 Re4 54.
Rg2 Re3+ 55. Kd4 Rf3 56. Ke4 Rc3 57. Kd4 Rc2 58. Rg1 b2 59. Rb1 Rg2 60. Ke4 Rxg3
61. Rxb2 Rh3 62. Rg2 Rxh4 63. Rg3 Kg6 64. Ke5 Kh5 65. Kxe6 Rh3 66. Rg2 Rf3 67.
Ke5 Kh4 68. Ke4 Kh3 69. Rc2 Rf1 70. f5 g3 71. Re2 g2 72. Re3+ Kh4 0-1

[Event "Challenge"]
[Site "http://www.queenalice.com/game.php?id=1760892"]
[Date "2021.5.29"]
[Round "-"]
[White "Paulsains"]
[Black "simonjscott"]
[Result "0-1"]
[WhiteElo "2128"]
[BlackElo "2298"]

1. e4 e5 2. Nf3 Nf6 3. Nc3 Nc6 4. Bc4 Nxe4 5. Nxe4 d5 6. Nfg5 dxc4 7. O-O Be7 8.
Qh5 g6 9. Qh6 Bf8 10. Qh4 f5 11. Nc3 Be7 12. Qxc4 Bxg5 13. Re1 Qd4 14. Qe2 Be6
15. Nb5 Qb6 16. d4 Bxc1 17. Raxc1 O-O-O 18. dxe5 a6 19. Nc3 Rhe8 20. Na4 Qa5 21.
b3 Bf7 22. f4 Nd4 23. Qf2 Kb8 24. Rcd1 Nb5 25. Rxd8+ Rxd8 26. e6 Re8 27. e7 Qb4
28. Nc5 Nd4 29. Nd3 Qd6 30. c3 Ne6 31. Ne5 Qxe7 32. Qb2 Kc8 33. g3 Nc5 34. Qd2
Ne4 35. Qd4 c5 36. Qd3 Rd8 37. Qf3 Rd2 0-1

[Event "Challenge"]
[Site "http://www.queenalice.com/game.php?id=1762117"]
[Date "2021.6.13"]
[Round "-"]
[White "Paulsains"]
[Black "simonjscott"]
[Result "0-1"]
[WhiteElo "2139"]
[BlackElo "2287"]

1. Nf3 Nf6 2. g3 g6 3. Bg2 Bg7 4. O-O O-O 5. d3 d5 6. c4 c5 7. cxd5 Nxd5 8. e4
Nb4 9. Ne1 Be6 10. b3 Bxa1 0-1

[Event "Challenge"]
[Site "http://www.queenalice.com/game.php?id=1762121"]
[Date "2021.6.13"]
[Round "-"]
[White "simonjscott"]
[Black "Paulsains"]
[Result "1-0"]
[WhiteElo "2329"]
[BlackElo "2118"]

1. Nf3 Nf6 2. g3 g6 3. Bg2 Bg7 4. c4 O-O 5. O-O d5 6. cxd5 Nxd5 7. d4 Nc6 8. Nc3
Nxc3 9. bxc3 e6 10. e4 e5 11. d5 Ne7 12. Qb3 b6 13. Bg5 Qd6 14. Rfd1 Bb7 15. a4
a5 16. Ra2 Rfe8 17. Bc1 Rad8 18. Ba3 Qf6 19. c4 Nc8 20. Re2 c5 21. Bb2 Qe7 22.
Bh3 Qd6 23. Bc3 Re7 24. Qb2 f6 25. Qc1 Kh8 26. Bd2 Rf8 27. Bh6 g5 28. Bxg7+ Rxg7
29. Bf5 Ne7 30. Nd2 Nxf5 31. exf5 Bc8 32. Ne4 Qd7 33. Qc2 Qxf5 34. Nd6 Qxc2 35.
Rxc2 Bd7 36. Nb5 h5 37. Kg2 h4 38. h3 g4 39. hxg4 Rxg4 40. Rh1 Rfg8 41. Rc3 R8g5
42. Kf1 Rh5 43. gxh4 Rgxh4 44. Rxh4 Rxh4 45. Ke2 Kg7 46. Rg3+ Kh6 47. Kd3 Rh3
48. Rxh3+ Bxh3 49. Ke3 Bf1 50. d6 1-0

[Event "Challenge"]
[Site "http://www.queenalice.com/game.php?id=1762279"]
[Date "2021.6.16"]
[Round "-"]
[White "Paulsains"]
[Black "simonjscott"]
[Result "0-1"]
[WhiteElo "2131"]
[BlackElo "2296"]

1. d4 Nf6 2. Bf4 d5 3. Nf3 c5 4. dxc5 e6 5. e3 Bxc5 6. Bb5+ Bd7 7. Bxd7+ Nbxd7
8. O-O O-O 9. Nc3 Rc8 10. Rc1 Re8 11. Ne5 Nxe5 12. Bxe5 a6 13. Qf3 Nd7 14. Bd4
Bd6 15. Qg4 e5 16. Nxd5 exd4 17. Qxd4 Be5 18. Qb4 Nf6 19. Nxf6+ Qxf6 20. c3 Rc7
21. Qe4 Bxh2+ 0-1

[Event "Challenge"]
[Site "http://www.queenalice.com/game.php?id=1762723"]
[Date "2021.6.22"]
[Round "-"]
[White "Paulsains"]
[Black "simonjscott"]
[Result "0-1"]
[WhiteElo "2124"]
[BlackElo "2322"]

1. Nf3 Nf6 2. g3 g6 3. Bg2 Bg7 4. O-O O-O 5. d3 d5 6. h3 c5 7. Bd2 Nc6 8. e3 Bf5
9. Nh4 Be6 10. f4 Nh5 11. Kh2 Bxb2 12. Bc3 Bxa1 13. Bxa1 f6 14. f5 Bf7 15. fxg6
hxg6 16. Nd2 Qd6 17. Nf5 gxf5 18. Rxf5 Qxg3+ 19. Kh1 Qxe3 20. Rxh5 Bxh5 0-1